The legend of the light-bearers

Bibliographic Details
Main Author: Rubino, Joe
Format: Book
Published: Petaling Jaya : Golden Books Centre , 2005
Subjects:

MARC

LEADER 00000cam a2200000 7i4500
001 0000003624
005 20080114.0
020 0 0 |a 9837205377 
090 0 0 |a 158   |b RUB 
100 1 0 |a Rubino, Joe 
245 1 4 |a The legend of the light-bearers   |c Joe Rubino 
260 0 0 |a Petaling Jaya :   |b Golden Books Centre ,   |c 2005 
300 |a 200p. ;   |c 22cm. 
500 0 0 |a Bottom of the cover title: A fable about personal reinvention and global transformation 
650 0 0 |a Self-realization 
650 0 0 |a Success   |x Psychological aspects 
999 |a 0000006293   |b Monograph   |c Open Shelf   |e Default branch